00836nam a2200193 a 450000100100000000500170001000800410002704000250006810000350009324501630012826000560029130000200034750400270036770000360039471000810043004900090051195201050052099900170062500002816020200930031411.0110407s1998 dr a 000 0 spa d aDO-SdBNPbspacBNPHU1 aPino, Francisco Alfonso95515810aPrograma apoyo al deporte en las escuela :bFundamentos de ajedrez para profesores(as) y entrenadores (as) /cFrancisco Alfonso Pino, Juanito Guerrero Samboy. aSanto Domingo :bSEDEFIR,c1998.fEditora Símbolo a52 p. ;c21 cm. aBibliografía : p. 521 aGuerrero Samboy, Juanito9551592 aSecretaría de Estado de Deportes, Educación Física Recreación955160 aBNPD 0010718PDaPDbPDcCTd2011-04-07iLF1l0o p28160-10r2020-06-25w2020-06-25yLFPDZNo se presta c27652d27652